=LDR 00000nam 2200000 4500 =001 INLIS000000000022580 =005 20200813104115 =035 ##$$a 0010-061300000022580 =008 200813################g##########0#ind## =041 ##$$a Ind =082 ##$$a 2x9.1 =090 ##$$a 2x9.1, Dar d =245 ##$$a Dari Adam untuk Hawa (surat terbuka untuk istri) =260 ##$$a Jakarta :$b Najla Press,$c 2006. =300 ##$$a 184 hlm, ; $c 21 x 14 cm =650 #4$$a Biografi Islam =850 ##$$a NBPNMAT =020 ##$$a 979-3974-45-1 =084 ##$$a 2x9.1 DAR d =250 ##$$a cet.1 =700 #$$a Tim Islamonline =990 ##$$a 30618352 =990 ##$$a 30618351